00589nam a22001337a 4500008004100000040001800041041000800059100004500067245023100112250001600343260005100359300001800410500002700428130821s1890 fr gr fre  aCo-BoUCMbspa00afre aVigouroux, Fulcran Grégoired1837-191500aLes livres saints et la critique rationaliste Histoire et refutation des objections des incredukles contre les saintes eoriturescF. Vigouruox ; avec des illustrations d'apres les monuments par M. Fabbé Douillard, architecte a3a. edition aParís (Francia)bA. Roger F. Chernovizc1890 a4 volúmenes aNotas al pie del texto